El país de la escritura / (Registro nro. 14678)

Detalles MARC
000 -LIDER
fixed length control field 01472nam a2200349 a 4500
001 - NÚMERO DE CONTROL
Identificador de número de control
003 - IDENTIFICACDOR DE NÚMERO DE CONTROL
control field DO-SdBNP
005 - DATE AND TIME OF LATEST TRANSACTION
control field 20240619102935.0
008 - ELEMENTOS DE LONGITUD FIJA
fixed length control field 130826s2008 ag a 000 0 spa d
020 ## - ISBN
International Standard Book Number 9789974680142.
040 ## - FUENTE DE CATALOGACIÓN
Agencia que crea de manera original el registro DO-SdBNP
Idioma de catalogación spa
Agencia que realiza la transcripción BPMSU
082 ## - NÚMERO DE CLASIFICACIÓN DECIMAL DE DEWEY
Classification number 372.63
Item number P149e 2008
Edition number 22
245 00 - MENCIÓN DE TITULO
Título El país de la escritura /
Mención de responsabilidad redación e investigación María Teresa Forero ; ilustraciones de Jorge Fornieles, Damián Zain
246 14 - VARIACION DEL TÍTULO
Título propiamente dicho o título corto El país de la escritura :
Subtítulo cómo dominar las reglas ortográficas y escribir sin errores
250 ## - MENCIÓN DE EDICION
Mención de edición
260 ## - PUBLICACIÓN, DISTRIBUCIÓN, ETC. (PIE DE IMPRENTA)
Lugar de publicación, distribución, etc Buenos Aires, República de Argentina :
Nombre del editor, distribuidor, etc. Cultural Librera Americana,
Fecha de publicación, distribución, etc 2008
300 ## - DESCRIPCIÓN FÍSICA
Extensión 352 p. :
Otros detalles físicos ils. ;
Dimensiones 27 cm.
490 0# - MENCIÓN DE SERIES
Mención de serie Biblioteca Talleres Prácicos
500 ## - NOTA GENERAL
Nota general
504 ## - NOTA DE BIBLIOGRAFÍA, ETC.
Bibliography, etc Bibliografía p: 297-298
520 ## - RESUMEN, ETC.
Nota de resumen, etc. Un auténtico libro-taller organizado como taller de ortografía que invita a los niños de edad escolar a incorporar los conocimientos ortográficos de una manera ingeniosa y divertida a través de variados juegos lingüístico
590 ## - NOTA LOCAL
Texto de la nota local Inventariado, 2024/VM
Enlace
648 #4 - SUBJECT ADDED ENTRY--CHRONOLOGICAL TERM
Chronological term
650 #4 - ENCABEZAMIENTO DE MATERIA--TEMÁTICO
Término temático o nombre geográfico como elemento de entrada Español
Subdivisión temática general Ortografía
-- Enseñanza primaria
650 #4 - ENCABEZAMIENTO DE MATERIA--TEMÁTICO
Término temático o nombre geográfico como elemento de entrada Escritura
Subdivisión temática general Enseñanza
650 #4 - ENCABEZAMIENTO DE MATERIA--TEMÁTICO
Término temático o nombre geográfico como elemento de entrada Juegos didácticos
700 1# - ASIENTO SECUNDARIO -- NOMBRE PERSONAL
Nombre personal Fornieles, Jorge
Mención de responsabilidad ilustraciones
700 1# - ASIENTO SECUNDARIO -- NOMBRE PERSONAL
Nombre personal Zain, Damián
Mención de responsabilidad ilustraciones
700 1# - ASIENTO SECUNDARIO -- NOMBRE PERSONAL
Nombre personal Forero, María Teresa
Mención de responsabilidad redacción e investigación
910 ## - VALIDACIÓN
Validación VMateo V. Control de calidad. BPMSU
942 ## - ADDED ENTRY ELEMENTS (KOHA)
Source of classification or shelving scheme Dewey Decimal Classification
Koha item type Libros
Existencias
Withdrawn status Lost status Source of classification or shelving scheme Damaged status Not for loan Collection code Home library Current library Date acquired Total Checkouts Full call number Barcode Date last seen Price effective from Koha item type Copy number
    Dewey Decimal Classification     Colección Infantil General Biblioteca Pública Metropolitana Salomé Ureña Biblioteca Pública Metropolitana Salomé Ureña 06/19/2024   BPMSU CGI 372.63 P149e 2008 BPMSU24060063 06/19/2024 06/19/2024 Libros  
    Dewey Decimal Classification     Colección Infantil General Biblioteca Pública Metropolitana Salomé Ureña Biblioteca Pública Metropolitana Salomé Ureña 06/19/2024   BPMSU CGI 372.63 P149e 2008 BPMSU24060064 06/19/2024 06/19/2024 Libros e.2
    Dewey Decimal Classification     Colección Infantil General Biblioteca Pública Metropolitana Salomé Ureña Biblioteca Pública Metropolitana Salomé Ureña 06/19/2024   BPMSU CGI 372.63 P149e 2008 BPMSU24060082 06/24/2024 06/19/2024 Libros e.3